| 000 | 00876pam a2200253 a 4500 | ||
|---|---|---|---|
| 008 | |||
| 020 | _a0853656185 (pbk.) | ||
| 049 | _aMAIN | ||
| 090 |
_aZ665.2 _bPAR |
||
| 100 | 1 | _aPartridge, W.G. McD. | |
| 245 | 1 | 0 |
_aLow budget librarianship : _bmanaging information in developing countries / _cby W.G. McD. Partridge. |
| 260 |
_a London : _bLibrary Association, _c1988. |
||
| 300 |
_ax, 93 p. ; _c22 cm. |
||
| 504 | _aIncludes bibliographical references. | ||
| 650 | 0 |
_aLibrary science _zDeveloping countries. |
|
| 650 | 0 |
_aInformation science _zDeveloping countries. |
|
| 650 | 0 |
_aLibraries _zDeveloping countries. |
|
| 653 |
_aDeveloping countries _aLibrarianship & information science. |
||
| 907 |
_a.b10191185 _b24-10-13 _c08-02-06 |
||
| 003 | |||
| 005 | 20230123122033.0 | ||
| 040 | _cNUST | ||
| 942 |
_cBOOKS _kZ665.2 _mPAR |
||
| 999 |
_c126711 _d126711 |
||